[Event "FIDE-Wch k.o. g/15+10"]
[Site "Las Vegas"]
[Date "1999.08.02"]
[Round "1.6"]
[White "Khalifman, Alexander"]
[Black "Barua, Dibyendu"]
[Result "1-0"]
[WhiteElo "2628"]
[BlackElo "2550"]
[Annotator "Donev,I"]
[PlyCount "177"]
[EventDate "1999.07.31"]
[EventType "k.o. (rapid)"]
[EventRounds "5"]
[EventCountry "USA"]
[SourceTitle "CBM 072"]
[Source "ChessBase"]
[SourceDate "1999.10.01"]
[SourceVersion "1"]
[SourceVersionDate "1999.10.01"]
[SourceQuality "1"]

1. d4 d5 2. c4 e6 3. Nc3 Nf6 4. Nf3 Be7 5. Bf4 O-O 6. e3 c6 7. h3 Nbd7 8. Qc2
b6 9. Bd3 Bb7 10. cxd5 cxd5 11. O-O a6 12. a4 Nb8 13. Ne5 Nc6 14. Nxc6 Bxc6 15.
Rfc1 Bb7 16. Qb3 Bd6 17. Bxd6 Qxd6 $14 {[%csl Rb7]} 18. a5 $1 {[%mdl 32] Auf
dem Brett haben wir mit Zugumstellung eine typische Stellung der
Abtauschvariante des Damengambits bekommen. Aufgrund seines besseren Läufers
hat der Anziehende einen kleinen, aber dauerhaften Vorteil. Mit seinem letzten
Zug verfolgt er zwei Ziele: a) Nach b6-b5 steht der Läufer b7 noch schlechter,
weil dann die Bauern am Damenflügel auf Weiss fixiert sind. b) Der Punkt c5
wird geschwächt, er kann in Zukunft ein ausgezeichneter Vorposten für den
weißen Springer werden.} b5 19. Na2 ({Beachtung verdient auch:} 19. Na4 $5 {
Mit der Idee der Beherrschung der offenen c- Linie.} Rfc8 (19... bxa4 20. Qxb7
Rfb8 21. Qc6 $16 {[%csl Ra4,Ga5,Ra6]}) 20. Nb6 Rxc1+ 21. Rxc1 Re8 22. Qc3 {
[%csl Rb7,Gd3][%cal Gc3c7]} Re7 $14) 19... Rfc8 20. Qb4 {Offensichtlich will
der Anziehende schnell ins Endspiel übergehen, womit er mit seinen starken
Leichtfiguren die besseren Chancen hätte.} Qxb4 ({Interessant ist ..} 20... Qd7
$5 21. f3) 21. Nxb4 Kf8 22. Kf1 h6 23. Ke1 Ke7 24. Kd2 Kd6 25. f3 Rxc1 26. Rxc1
Rc8 27. Rxc8 Bxc8 28. Be2 {[%csl Rc5,Re5][%cal Gd3c5,Gd3e5,Yb4d3] Der weisse
Läufer räumt das Feld d3 für den Springer.} Bb7 ({Ein Anderer Weg wäre:} 28...
g5 $5 29. Nd3 Nd7 30. b4 f6 31. Kc3 e5 $14) 29. Nd3 Nd7 30. f4 {vermeidet
e6-e5.} Bc6 31. Bh5 f6 32. Kc3 Ke7 33. Kb4 Kd6 34. Be8 Nb8 35. Bg6 Bd7 36. Kc3
Nc6 37. b4 Ne7 38. Bh5 Nf5 39. Kd2 Bc8 40. Nc5 Ne7 41. Bf3 Nc6 42. Kc3 f5 43.
Bh5 Ke7 44. Nd3 Bd7 45. Nc5 Bc8 46. Bf3 g6 47. g4 Kd6 48. h4 fxg4 49. Bxg4 h5
$6 (49... Ne7 $142 $1 {[%csl Rh4][%cal Gh6h5,Ge7f5]} 50. Nd3 h5 51. Bh3 Nf5 52.
Bxf5 gxf5 $11 {Weiß kann nicht mehr gewinnen!}) 50. Bf3 Ne7 51. e4 dxe4 52.
Bxe4 Nd5+ 53. Bxd5 exd5 {[%mdl 4112]} ({Falls der Nachziehende mit dem König
auf d5 nimmt, könnte Weiß lehrreich seinen Vorteil realisieren.} 53... Kxd5 {
[%csl Ra6,Gc5,Rc8,Re6,Rg6]} 54. Kd3 Kc6 55. Ke4 Kd6 56. d5 $1 exd5+ 57. Kd4 $22
{Die erste Zugszwangstellung.} Kc6 58. Ke5 d4 59. Kxd4 Kd6 60. Ke4 Bf5+ {
[%cal Ye4e3,Ye3d4] Dreiecksmanöver.} 61. Ke3 Bc8 62. Kd4 $22 $18 {Die zweite
Zugszwangstellung.}) 54. Kd3 Ke7 55. Ke3 Kf6 56. Kf3 Bg4+ 57. Kf2 Bc8 58. Ke3
Kf5 59. Kf3 Kf6 60. Nd3 Bg4+ 61. Kg3 Bf5 62. Nc5 Bc8 63. Nb3 Bg4 64. Kf2 Bf5
65. Nd2 Bc8 66. Nf1 Be6 67. Ne3 Kf7 $2 (67... Bf7 $1 68. Kg3 Bg8 $1 69. f5 $140
$6 g5 $1 70. Kh3 gxh4 71. Kxh4 Bf7 $13) 68. Kg3 Kg7 {[%tqu "De","Wie kann Weiß
seinen positionellen Vorteil realisieren?","","","f4f5","Congratulations, You
have a Grandmaster's understanding of endgame!",5]} 69. f5 $3 gxf5 70. Kf4 {
[%cal Ge3c2,Gc2e1,Ge1d3,Gd3c5]} Kf6 71. Nc2 Bd7 72. Ne1 Bc8 73. Nd3 Be6 (73...
Bb7 74. Kf3 Kg6 75. Nf4+ Kh6 76. Ke3 $22 Bc6 $140 77. Ne6 {[%cal Ge6c5,Ge6c7]}
Bb7 78. Kf4 Kg6 79. Ke5 $18) 74. Kf3 Ke7 (74... Kg7 75. Kg3 $1 Kf6 76. Nc5 Bc8
77. Kf4 $22) 75. Kg3 Kf6 76. Nc5 Bc8 77. Kf4 Kg6 78. Ke5 f4 79. Kxf4 Kf6 80.
Kg3 Kg7 81. Kf3 Kg6 82. Nd3 Bg4+ 83. Ke3 Be6 84. Nf4+ Kf5 85. Nxh5 Kg4 86. Nf4
Bf7 87. Nd3 Be6 88. Nc5 Bc8 89. h5 {[%cal Ge3f4,Gf4e5,Gh5h6] Ein sehr
lehrreiches Endspiel!} 1-0

[Event "FIDE-Wch k.o. g/25+10"]
[Site "Las Vegas"]
[Date "1999.08.02"]
[Round "1.3"]
[White "Khalifman, Alexander"]
[Black "Barua, Dibyendu"]
[Result "1-0"]
[WhiteElo "2628"]
[BlackElo "2550"]
[Annotator "Tsesarsky,I"]
[PlyCount "63"]
[EventDate "1999.07.31"]
[EventType "k.o. (rapid)"]
[EventRounds "6"]
[EventCountry "USA"]
[SourceTitle "CBM 072"]
[Source "ChessBase"]
[SourceDate "1999.10.01"]
[SourceVersion "1"]
[SourceVersionDate "1999.10.01"]
[SourceQuality "1"]

1. d4 d5 2. c4 e6 3. Nc3 Nf6 4. Nf3 c6 5. Bg5 h6 6. Bh4 Nbd7 7. e3 Be7 8. Bd3
O-O 9. O-O b6 10. cxd5 (10. Rc1 Bb7 11. h3 (11. cxd5 Nxd5 12. Bxe7 (12. Bg3 c5
13. Nxd5 Bxd5 14. e4 Bb7 (14... Bxa2 15. Qa4 c4 16. Bxc4 Bxc4 17. Rxc4 Nf6 18.
Re1 Rc8 19. Rxc8 Qxc8 20. Qxa7 Bb4 21. Ra1 Qc2 22. e5 Nd5 $44) 15. Qe2 cxd4 16.
Bc7 Qe8 17. Nxd4 Nc5 $11) 12... Nxe7 13. b4 Rc8 14. Ne4 (14. Qb3 c5 15. bxc5
Bxf3 16. gxf3 bxc5 $17) 14... Rc7 15. Nd6 Ba8 16. Bb1 Nf6 17. Ne4 Ned5 18.
Nxf6+ Qxf6 19. Qd3 g6 (19... Rfc8 20. a3 (20. Qh7+ Kf8 21. a3 $14) 20... g6 21.
e4 (21. Ne5 c5 $132 {0-1 Walser-Tseleng/Novi Sad olm 1990 (32)}) 21... Nf4 22.
Qe3 g5 23. g3 $14) 20. a3 $14) 11... Rc8 12. a3 c5 13. cxd5 Nxd5 14. Bxe7 Qxe7
15. Ne2 Rfd8 $11 {0-1 Schmidt,J-Grund,K/cr GER/M-VorrJ25 1986 (32)}) (10. Qe2
Bb7 11. Rad1 Re8 12. Rfe1 Qc7 13. Bg3 Bd6 14. e4 Bxg3 15. hxg3 dxe4 16. Nxe4 c5
$11 (16... Nxe4 17. Qxe4 Nf6 18. Qe5 Rac8 19. c5 Qxe5 20. Nxe5 b5 $14 {1/2-1/2
Durnopianov,I-Korogotsky/Simferopol 1991 (42)})) 10... exd5 (10... cxd5 11. a3
(11. Rc1 Bb7 $14) 11... Bb7 12. Rc1 a6 13. Qe2 b5 14. Bg3 Rc8 15. Rc2 Nb6 16.
Ne5 (16. e4 $4 Rxc3 (16... dxe4 $4 17. Nxe4 Bxe4 18. Bxe4 Nxe4 19. Qxe4 Rxc2
20. Qxc2 $15 {1-0 Herfel,M-Busic,N/Giessen ,GER 1994 (52)}) 17. Rxc3 dxe4 18.
Bc7 exf3 19. Qe5 Qd7 20. Bxb6 Bd6 21. Qe1 fxg2 $19) 16... Nc4 17. Rfc1 $14 {
[%csl Rb7]}) 11. Bg3 (11. Rc1 Bb7 12. h3 Ne4 13. Bxe7 Qxe7 14. Qb3 $14 (14. Ne2
$6 c5 15. Bb5 c4 (15... Ndf6 $11) 16. b3 (16. Bxd7 Qxd7 17. Ne5 Qe8 18. Nf4 g5
19. Ne2 Bc8 20. Ng3 Nxg3 21. fxg3 f6 $17 {0-1 Mihailidou,M-Kellner,N/
Thessaloniki olw ,BIG 1984 (64)}) 16... Ndf6 17. bxc4 a6 18. Ba4 dxc4 19. Ne5
b5 20. Bc2 Rfd8 $15)) 11... Re8 12. Ne5 (12. Qc2 Bb7 13. Rfd1 $14) 12... Nxe5
13. dxe5 Nd7 14. f4 Nf8 (14... Nc5 15. Bc2 Ba6 16. Rf2 Bh4 17. Bxh4 Qxh4 18. b4
Ne6 19. b5 Bxb5 20. Nxb5 cxb5 21. Qd3 (21. Qxd5 Nc5 $132) 21... g6 22. Qxd5 b4
(22... Nc5 $4 23. Bxg6 $18) 23. f5 gxf5 (23... Rad8 24. Qf3 Ng5 25. Qf4 $18)
24. Qf3 Qg4 25. Bxf5 Qxf3 26. gxf3 $132) (14... Bb7 15. Qh5 Bc5 16. Rae1 Qe7
17. Bh4 f6 18. Qf5 Nf8 19. exf6 Bxe3+ 20. Kh1 Qf7 21. fxg7 Qxf5 22. Bxf5 Kxg7
23. Ne4 $1 $16) 15. Ne2 $6 $132 (15. Qh5 $5 $14) 15... c5 16. Nc3 (16. e4 Bb7
17. Bb5 dxe4 18. Bxe8 Qxe8 19. Qc2 Ne6 $44) 16... Bb7 $5 (16... d4 $1 17. Be4 (
17. exd4 Qxd4+ 18. Rf2 Bg4 19. Qxg4 Qxd3 20. Rd1 Qg6 21. Qxg6 fxg6 22. Nd5 Ne6
23. Rfd2 Kf7 $11) 17... dxc3 18. Bxa8 cxb2 19. Rb1 Qxd1 20. Rfxd1 Bf5 21. Bf3
Bxb1 22. Rxb1 c4 23. Rxb2 Rc8 24. Kf2 Ne6 25. Ke2 $132) 17. Qe2 (17. Bb5 d4 (
17... Nd7 18. Nxd5 $16) 18. exd4 Qxd4+ (18... cxd4 19. Bxe8 dxc3 20. Ba4 (20.
Bxf7+ Kxf7 21. bxc3 $44) 20... cxb2 21. Rb1 Ba3 (21... Bc5+ 22. Bf2 $16) 22.
Qb3 Qd4+ 23. Kh1 Qe4 24. Rg1 Bc5 $44) 19. Qxd4 cxd4 20. Bxe8 dxc3 21. Bb5 cxb2
22. Rab1 Ba3 23. Rfd1 Rc8 $44) 17... a6 (17... Ne6 18. Rad1 $14) (17... Bh4 $14
) 18. Rad1 Bh4 $2 $16 {Black ignore an opposition of a white Rook and black
Queen} (18... Qc8 $2 19. e4 (19. f5 $1 Qc6 (19... Bg5 20. h4 Bxe3+ 21. Qxe3 d4
22. Qf2 dxc3 23. bxc3 $16) 20. f6 gxf6 21. Qf3 $16) 19... d4 20. Nd5 $14) (
18... d4 $1 19. Be4 (19. exd4 Qxd4+ 20. Rf2 Qb4 21. f5 c4 22. Be4 Bxe4 23. Nxe4
Rad8 24. Rxd8 Rxd8 25. f6 Bc5 26. Nxc5 Qxc5 27. fxg7 Ne6 28. Bh4 Rd7 29. Bf6 b5
$44) 19... Bxe4 20. Nxe4 Qd5 21. Nc3 Qc6 22. exd4 cxd4 23. Qe4 Qxe4 24. Nxe4
Red8 $132) 19. Be4 $1 Bxg3 20. hxg3 dxe4 21. Rxd8 Raxd8 22. Rd1 Ne6 (22... b5
23. Qc2 c4 24. Rxd8 Rxd8 25. Nxe4 Bxe4 26. Qxe4 Rd3 27. g4 $18) 23. Rd6 (23.
Qc2 Rxd1+ 24. Nxd1 Rd8 25. Nf2 $16 (25. Nc3 Rd3 26. Kf2 Bc6 27. g4 $14)) 23...
Rxd6 24. exd6 Rd8 25. Qd1 (25. f5 Nf8 26. Qd2 $16) 25... b5 (25... Kf8 26. Na4
b5 27. f5 bxa4 28. fxe6 fxe6 29. Qc1 Rxd6 30. Qxc5 Ke7 31. Qe5 Rd1+ 32. Kh2 Bd5
33. Qxg7+ $18) 26. Nd5 (26. f5 $1 Ng5 27. Nd5 Kf8 28. Nc7 Nh7 29. a4 bxa4 30.
Qxa4 Nf6 31. Qb3 Bc6 32. Nxa6 Rxd6 33. Nxc5 $18) 26... Kf8 27. Nb6 g6 $6 (27...
Nc7 $5 28. Qc2 Rxd6 29. Qxc5 Ne8 30. a4 $16) 28. g4 Bc6 (28... Ke8 29. f5 $18)
29. f5 gxf5 30. gxf5 Nd4 (30... Ng7 31. d7 Nxf5 32. Qh5 $18) 31. exd4 Rxd6 32.
Qc1 1-0

[Event "FIDE-Wch k.o. g/25+10"]
[Site "Las Vegas"]
[Date "1999.08.02"]
[Round "1.4"]
[White "Barua, Dibyendu"]
[Black "Khalifman, Alexander"]
[Result "1-0"]
[WhiteElo "2550"]
[BlackElo "2628"]
[Annotator "Tsesarsky,I"]
[PlyCount "85"]
[EventDate "1999.07.31"]
[EventType "k.o. (rapid)"]
[EventRounds "6"]
[EventCountry "USA"]
[SourceTitle "CBM 072"]
[Source "ChessBase"]
[SourceDate "1999.10.01"]
[SourceVersion "1"]
[SourceVersionDate "1999.10.01"]
[SourceQuality "1"]

{[%mdl 16384]} 1. e4 c5 2. Nf3 d6 3. d4 cxd4 4. Nxd4 Nf6 5. Nc3 Nc6 6. Be2 e5
7. Nf3 h6 8. O-O Be7 9. Re1 O-O 10. h3 Be6 11. Bf1 Qa5 12. Bd2 Qd8 13. Na4 (13.
Bc1 Qa5 14. Bd2 Qd8 15. Na4 Na5 (15... d5 16. exd5 Qxd5 17. c4 Qd6 18. Bc3 Nd7
(18... e4 19. Bxf6 Qxd1 20. Raxd1 Bxf6 21. Rxe4 Bf5 22. Re2 Rad8 $44) 19. Qb3
Qc7 20. Rad1 $11) (15... Nh5 16. c4 Nf4 17. Nc3 g5 18. Nd5 Qd7 19. Nh2 $16 {
1-0 Asrian Karen-Mukhametov Eldar/Cup Russia (open) Moscow (Russia) (5) 1996 
(39)}) 16. b3 Bd7 17. Nc3 (17. Nb2 Nc6 18. c4 $14) 17... a6 18. b4 Nc6 19. Nd5
Nxd5 20. exd5 Nd4 21. Nxd4 (21. c4 $2 Nxf3+ 22. Qxf3 b5 23. a4 bxc4 24. Bxc4
$132 {1/2-1/2 Glek,I-Lobron,E/Bern op 1994 (73)}) 21... exd4 22. Bd3 Bb5 (22...
Bg5 23. Qc1 Bxd2 24. Qxd2 Qf6 25. Re4 Rfe8 26. Rxd4 Re7 27. Qf4 Qxf4 28. Rxf4
$16) 23. Bxb5 axb5 24. Qe2 $16) (13. b3 d5 14. exd5 Nxd5 15. Nxd5 Qxd5 16. c4
Qd6 17. Bc3 Qxd1 18. Raxd1 f6 $11) 13... Nh7 (13... d5 14. exd5 Qxd5 (14...
Nxd5 15. Nxe5 Nxe5 16. Rxe5 Bf6 (16... Qc7 17. Re1 Rfd8 18. Bd3 Nf4 19. Bxf4
Qxf4 20. Re4 $14) 17. Re1 Rc8 18. Rc1 (18. c4 Nb6 19. Nxb6 Qxb6 $44) 18... Bf5
(18... Nb6 19. Nxb6 Qxb6 20. b3 Rfd8 21. Bd3 $16) 19. b3 (19. c4 Nb6 20. Nxb6
Qxb6 21. Qf3 Qxb2 (21... Bg6 22. b3 $16) 22. Bxh6 Bg6 23. Be3 $16) 19... Nb6
20. Nxb6 Qxb6 21. Qf3 $16 {1-0 Psakhis,L-Greenfeld,A/ISR-ch Jerusalem ,CBM
1996/ (45)} (21. Bd3 Bxd3 22. cxd3 $14)) 15. c4 Qd7 (15... Qd6 16. Bc3 Nd7 17.
Qxd6 Bxd6 18. Rad1 Bc7 19. b4 a6 20. Nb2 Rfd8 21. a4 f6 22. c5 Ne7 23. a5 $14 {
0-1 Jun Xie-Joseliani/6. Partie, SW 1993 (58)}) 16. Be3 e4 17. Nd2 Ne5 18. Qc2
Rfc8 19. Red1 Qc6 20. Nc3 {1/2-1/2 Sagalchik,G-Ryskin,A/Byelorussia 1987 (20)})
14. c4 Ng5 (14... f5 15. exf5 (15. Nc3 f4 16. Nd5 Rc8 17. Bc3 $14) 15... Bxf5
16. Nc3 Bg5 17. Ne4 (17. Bxg5 Nxg5 18. Nxg5 Qxg5 19. Qd5+ Kh8 20. Re3 $14)
17... Bxd2 18. Qxd2 Bxh3 (18... Bxe4 19. Rxe4 Nf6 20. Ree1 $14) 19. Qxd6 (19.
Nxd6 Nd4 (19... Qf6 20. Nxb7 $16) 20. Nxd4 Qxd6 21. Nf3 Qxd2 22. Nxd2 $16)
19... Qe8 20. Nxe5 (20. Ng3 Qf7 $11 {1-0 Krupkova,P-Grabics,M/WchJW-U16
Duisburg 1992 (41)}) 20... Nxe5 21. Qd5+ Be6 22. Qxe5 Qf7 $16) 15. Bxg5 (15.
Nxg5 Bxg5 16. Nc3 a6 17. Be3 Bxe3 18. Rxe3 Rc8 19. Rc1 Nd4 20. b3 Qa5 $11 {
1/2-1/2 Vasiukov,E-Lerner,K/Novi Sad ,EXT 1988 (42)}) 15... hxg5 16. Nc3 Bf6 (
16... g4 17. hxg4 Bxg4 18. Be2 Be6 19. Nd5 $14) 17. Qd3 g4 18. hxg4 Bxg4 19.
Nd5 g6 20. Be2 (20. Rad1 Bg7 21. Be2 $14) 20... Bg7 21. b4 Be6 22. a3 Rc8 (
22... Ne7 23. Ng5 Nxd5 24. Nxe6 fxe6 25. exd5 exd5 26. Qxd5+ Rf7 27. Bg4 (27.
Rad1 Qf6 28. Bf3 Rd8 29. Re2 $16) 27... Qf6 28. Re2 Kh7 29. Rd1 $16) 23. Rad1
Nd4 (23... Re8 24. Rc1 $14 (24. g3 $14)) 24. Nxd4 exd4 25. Bf3 (25. Qg3 $5 Be5
26. f4 Bg7 27. Bd3 Re8 28. Kh2 Qd7 29. Qg5 Bxd5 30. Qxd5 Qg4 31. g3 Rc6 32. Kg2
$14) 25... b6 (25... Re8 26. Re2 Qg5 27. g3 b6 28. Kg2 $14) 26. Re2 Re8 (26...
Qg5 27. g3 Rfe8 28. Kg2 $14) 27. Rde1 Bxd5 $6 $14 (27... Qg5 28. g3 $14 {
[%cal Gg1g2]}) 28. exd5 Rxe2 29. Rxe2 Qc7 30. Rc2 a5 (30... Re8 31. g3 $14) 31.
g3 axb4 32. axb4 Qa7 33. Qb3 (33. Kg2 $14) 33... Qa1+ 34. Kg2 Bf6 35. c5 bxc5 (
35... dxc5 36. bxc5 Rxc5 37. Ra2 Qe1 38. Qxb6 Rc1 39. Kh3 Kg7 40. Qb8 Ra1 $11)
36. bxc5 Rxc5 $4 $18 {Unbelievable - this position is lost!} (36... dxc5 37.
Qb7 Rd8 38. Rxc5 d3 39. d6 d2 40. Qd5 Qd4 41. Qxd4 Bxd4 42. Rd5 Bc3 $11) 37.
Ra2 Rb5 (37... Qe1 38. Qb8+ Kh7 39. Re2 Qc3 (39... Qc1 40. Qxd6 Bg7 41. Re7 Ra5
42. Qc6 (42. Qc7 Qxc7 43. Rxc7 d3 44. d6 Ra6 45. d7 Rd6 $11) 42... Ra1 43. Qxc1
Rxc1 44. d6 Rc8 45. d7 Rd8 46. Rxf7 d3 47. Kf1 Kh6 48. Be4 d2 49. Ke2 Bc3 50.
f4 $18) 40. Qxd6 d3 (40... Bg7 41. Re7 d3 42. Rxf7 Rc4 (42... d2 43. Be4 $18)
43. Qe6 d2 44. d6 $18) 41. Re3 Kg7 42. Re8 Rc7 43. Qf8+ Kh7 44. d6 Rd7 45. Re7
$1 $18) (37... Qc3 38. Ra8+ Kh7 39. Qb8 Rc7 (39... d3 40. Qg8+ Kh6 41. Qxf7 Rc4
42. Rc8 $3 Rxc8 43. Be4 $18) 40. Qg8+ Kh6 41. Qf8+ Kh7 42. Qxd6 d3 43. Ra3 Be5
44. Qf8 (44. Rxc3 Bxd6 45. Rxd3 $44) 44... Qe1 45. Ra4 Bf6 46. d6 Rd7 47. Re4
d2 (47... Qa1 48. Re7 $1 $18) 48. Qe8 $3 $18) 38. Qc4 Rc5 39. Qe2 Qc1 40. Qe8+
Kg7 41. Ra8 Kh6 42. Qxf7 Qg5 43. Ra7 1-0

[Event "FIDE-Wch k.o. g/25+10"]
[Site "Las Vegas"]
[Date "1999.08.11"]
[Round "4.3"]
[White "Khalifman, Alexander"]
[Black "Gelfand, Boris"]
[Result "1-0"]
[WhiteElo "2628"]
[BlackElo "2713"]
[Annotator "Ftacnik,L"]
[PlyCount "77"]
[EventDate "1999.07.31"]
[EventType "k.o. (rapid)"]
[EventRounds "6"]
[EventCountry "USA"]
[SourceTitle "CBM 072"]
[Source "ChessBase"]
[SourceDate "1999.10.01"]
[SourceVersion "1"]
[SourceVersionDate "1999.10.01"]
[SourceQuality "1"]

1. e4 {Kortschnoj} c5 2. Nf3 d6 3. d4 cxd4 4. Nxd4 Nf6 5. Nc3 a6 6. Be2 e5 7.
Nb3 Be7 8. Be3 Be6 9. Nd5 Nbd7 (9... Nxd5 $5 {Kortschnoj} 10. exd5 Bf5 11. Qd2
a5 12. a4 O-O 13. O-O g5 $1 $13) 10. Qd3 Bxd5 11. exd5 O-O 12. g4 $1 {
Khalifman comes with a new idea, that hopes to march kingside pawns against
black king.  Kortschnoj: 'The line is well-known, it has been introduced into
master's practice more than 50 years ago. But this is a new move, discovered
by Khalifman shortly before the competiton in Las Vegas.'} Nc5 {Kortschnoj:
'It looks like a resignation - the arising pawn structure is not favourable
for black. It would be interesting and, perhaps, instructive how white would
treat the position after, say, 12...Nb6 13.c4 Na4...  '} (12... e4 $5 13. Qd4
Nc5 (13... Ne5 14. Rg1 Nf3+ 15. Bxf3 exf3 16. O-O-O Rc8 17. Qf4 Qc7 18. c3 b5
19. Qxf3 b4 20. Bd4 $16) 14. Nd2 (14. g5 Nfd7 15. Nxc5 Nxc5 16. b4 Nd7 17. Qxe4
Bxg5 $13) 14... a5 $1 15. h4 (15. g5 Nfd7 16. Nxe4 (16. Rg1 f5 $1) 16... Nxe4
17. Qxe4 Bxg5 $13) 15... Qd7 16. g5 Ng4 17. Nxe4 Nxe3 18. fxe3 Nxe4 19. Qxe4
$16) 13. Nxc5 dxc5 14. O-O-O e4 (14... Bd6 15. g5 Ne8 16. Qf5 $16) 15. Qd2 Bd6
(15... Qb6 16. g5 Ne8 17. h4 Nd6 18. h5 $16) 16. g5 Nd7 17. h4 Ne5 {Kortschnoj:
'Unnecessary move. Immediate Rc8 + c5-c4 was called for.'} (17... f5 18. gxf6
Qxf6 (18... Nxf6 19. Rhg1 $16) 19. h5 Ne5 $14) 18. h5 Rc8 $2 {Black misses
white's next move, the e4 pawn is very weak and his demise will be crucial.} (
18... f5 19. gxf6 Qxf6 20. Rhg1 b5 $14) 19. Rh4 $1 c4 (19... Nf3 20. Bxf3 exf3
21. h6 g6 22. Rh3 $16) 20. Rxe4 c3 {Kortschnoj: 'It looks dangerous for white,
but black does not have enough pieces to support his attack.'} (20... f5 21.
gxf6 Qxf6 22. f4 $16) 21. bxc3 Qa5 22. Kb1 Rxc3 {Kortschnoj: 'Since
"blitzkrieg" does not work out, probably 22...b5 would render more chances...'}
(22... Qxc3 23. Qxc3 Rxc3 24. Bd4 Rc4 25. Bxc4 Nxc4 26. h6 $18) 23. Bd4 Rfc8 (
23... Ra3 24. Qxa5 Rxa5 25. Bxe5 $18) (23... Bb4 $5 24. Bxc3 (24. Rxe5 {
Kortschnoj} Rb3+ 25. axb3 Bxd2 26. d6 Qb4 27. Bc5 Qf4 28. Rd5 Ba5 29. Be3 Qb4
30. Bd2 Qe4 31. Bxa5 Qxe2 32. d7 $18) 24... Bxc3 25. Qe3 Nf3 (25... Nd7 26. Rf4
Nc5 27. Bc4 $18) 26. g6 Nd2+ 27. Rxd2 Qa3 28. gxf7+ Kh8 29. Qb6 Bxd2 30. Qb2
$18) 24. Bxc3 Rxc3 (24... Qxc3 25. Qxc3 Rxc3 26. f4 Nd7 27. Bg4 $18) 25. Qd4 f6
(25... Nf3 26. Re8+ Bf8 27. Bxf3 Qb5+ 28. Kc1 Rxc2+ 29. Kxc2 Qxe8 30. d6 $18)
26. gxf6 gxf6 27. f4 Bc5 (27... Nd7 28. Re8+ Kf7 29. Re6 Bc5 30. Qe4 Nf8 31. h6
$18) 28. Qa4 Qb6+ (28... Qxa4 29. Rxa4 Nf7 30. Bd3 Nd6 31. Kb2 $18) 29. Ka1 Nf7
30. Qe8+ Kg7 31. h6+ $1 {[%mdl 128] '+-!' Kortschnoj. White needs to eliminate
black's counterchances. The chosen method is very good, since black king is
even more vulnerable.} Nxh6 (31... Kxh6 32. Qxf7 $18) (31... Kg6 32. Qg8+ Kf5
33. Qxh7#) 32. Qd7+ Nf7 (32... Kh8 33. Re8+ Ng8 34. Qg4 $18) 33. Rb1 Qd8 34.
Rxb7 Qxd7 35. Rxd7 Rxc2 (35... f5 36. Kb2 Ra3 37. Rc4 $18) 36. Bh5 Ba3 37. Re1
Bb4 38. Rxf7+ Kh6 39. Rh1 1-0

[Event "FIDE-Wch k.o. g/25+10"]
[Site "Las Vegas"]
[Date "1999.08.15"]
[Round "6.6"]
[White "Nisipeanu, Liviu Dieter"]
[Black "Khalifman, Alexander"]
[Result "1/2-1/2"]
[WhiteElo "2580"]
[BlackElo "2625"]
[Annotator "Hansen,Cu"]
[PlyCount "116"]
[EventDate "1999.07.31"]
[EventType "k.o. (rapid)"]
[EventRounds "6"]
[EventCountry "USA"]
[SourceTitle "CBM 072"]
[Source "ChessBase"]
[SourceDate "1999.10.01"]
[SourceVersion "1"]
[SourceVersionDate "1999.10.01"]
[SourceQuality "1"]

1. e4 c5 2. Nf3 Nc6 3. d4 cxd4 4. Nxd4 g6 5. c4 Nf6 6. Nc3 d6 7. Be2 Nxd4 8.
Qxd4 Bg7 9. Be3 O-O 10. Qd2 Qa5 11. f3 Be6 12. Rc1 Rfc8 13. b3 a6 14. Na4 Qxd2+
15. Kxd2 Nd7 16. g4 f5 17. exf5 gxf5 18. h3 Rf8 19. f4 Rad8 20. g5 d5 21. cxd5
Bxd5 22. Rhd1 b5 23. Ke1 Bg2 24. Rc7 bxa4 25. Rdxd7 Rxd7 26. Rxd7 axb3 27. axb3
e5 28. Bxa6 exf4 29. Bxf4 Re8+ 30. Kf2 Bc6 31. Bc4+ Kh8 32. Rc7 Be4 33. h4 Bd4+
34. Kg3 Rd8 35. b4 Bd5 36. Bxd5 Rxd5 37. h5 Kg8 38. Rb7 h6 39. g6 Be5 40. Bxe5
Rxe5 {This position is quit lost for black} 41. Kf4 Rd5 42. Ke3 $2 (42. b5 {
Probably white can win in more than one way. I would advise the following
method: put the b-P on b6, after that move the K to the queenside. When the
white K protects P-b6 from c5, play Rb7-f7. For instance:} Rc5 43. b6 Rb5 44.
Ke3 Rb4 (44... f4+ 45. Kxf4 Rxh5 46. Rc7 $18 {[%cal Rb6b7,Rc7c8] This wins now
since the b-P has passed the fifth rank.}) 45. Kd3 f4 46. Kc3 Rb1 47. Kd4 Rb5 (
47... Rb2 48. Ke5 {[%cal Re5f6,Ye5f4]}) (47... f3 48. Ke3 $1 Rb3+ 49. Kf2 {(+)}
Kh8 50. Rh7+ Kg8 51. b7 {[%cal Rh7c7,Rc7c8]}) 48. Kc4 Rb1 49. Kc5 {[%cal Rb7f7]
} Rc1+ 50. Kd6 {[%cal Rb7f7]} Rb1 51. Ke5 f3 52. Kf6 $18) 42... f4+ 43. Kxf4
Rxh5 {Now it is draw} 44. b5 Rg5 45. g7 Rc5 46. Ke4 h5 47. Kd4 Rf5 48. Kc4 (48.
b6 Rb5 (48... h4 $2 49. Rc7 h3 50. b7 Rb5 51. Rc8+ $18) 49. Kc4 Rb1 {White can
not use the g7-P in any positive way:} 50. Kd5 (50. Kc5 h4 51. Re7 h3 $11)
50... h4 51. Ke5 h3 52. Kf6 Rf1+ 53. Kg6 Rg1+ 54. Kh6 h2 $19) 48... h4 49. b6
Rf4+ 50. Kb5 Rf2 51. Re7 Rb2+ 52. Kc6 h3 53. b7 h2 54. Re1 Kxg7 55. Rh1 (55.
Ra1 Kf6 56. Kc7 Ke5 57. b8=Q Rxb8 58. Kxb8 Kf4 $11) 55... Rc2+ 56. Kd7 Rd2+ 57.
Kc7 Rc2+ 58. Kb8 Rg2 1/2-1/2